Global industrial highlights (Record no. 83895)
[ view plain ]
| 000 -LEADER | |
|---|---|
| fixed length control field | 01359cad a22002055a 4500 |
| 001 - CONTROL NUMBER | |
| control field | L155674 |
| 008 - FIXED-LENGTH DATA ELEMENTS--GENERAL INFORMATION | |
| fixed length control field | 120402s2012 xxk 000 0 eng d |
| 035 ## - SYSTEM CONTROL NUMBER | |
| System control number | (Sirsi) u155674 |
| 041 0# - LANGUAGE CODE | |
| Language code of text/sound track or separate title | eng |
| 110 2# - MAIN ENTRY--CORPORATE NAME | |
| Corporate name or jurisdiction name as entry element | Colliers International |
| 9 (RLIN) | 5548 |
| 245 00 - TITLE STATEMENT | |
| Title | Global industrial highlights |
| Remainder of title | second half 2011 - March 2012 |
| Medium | [electronic resource] |
| 260 ## - PUBLICATION, DISTRIBUTION, ETC. | |
| Place of publication, distribution, etc. | Seattle |
| Name of publisher, distributor, etc. | Colliers International |
| Date of publication, distribution, etc. | 2012 |
| 490 #0 - SERIES STATEMENT | |
| Series statement | Colliers International Global Industrial Highlights |
| Volume/sequential designation | second half 2011 |
| 520 ## - SUMMARY, ETC. | |
| Summary, etc. | Offers a global industrial trend forecast. Growing global trade will steady demand for quality warehouse space in many regions. Industrial vacancy rates will further drop in most markets. Some markets, U.S. and Australia among them, will experience a lack of new supply in the face of growing demand. Prime warehouse rents will climb in most Asia Pacific markets, remain stable in EMEA and LATAM, and continue to strengthen in North American markets. Tables cover global industrial capitalization rates (Prime yields/percent) for 18 markets; Global top 10 industrial warehouse rents; detailed prime warehouse rent and other data for cities within world regions. |
| 590 ## - LOCAL NOTE (RLIN) | |
| Local note | KA |
| 650 24 - SUBJECT ADDED ENTRY--TOPICAL TERM | |
| Topical term or geographic name entry element | Commercial property |
| 9 (RLIN) | 6227 |
| 651 #4 - SUBJECT ADDED ENTRY--GEOGRAPHIC NAME | |
| Geographic name | International |
| 856 40 - ELECTRONIC LOCATION AND ACCESS | |
| Uniform Resource Identifier | <a href="https://dsg.colliers.com/document.aspx?report=2720.PDF">https://dsg.colliers.com/document.aspx?report=2720.PDF</a> |
| Public note | View the report at dsg.colliers.com |
| 942 ## - ADDED ENTRY ELEMENTS (KOHA) | |
| Suppress in OPAC | 0 |
| Withdrawn status | Lost status | Source of classification or shelving scheme | Damaged status | Not for loan | Home library | Current library | Shelving location | Date acquired | Total Checkouts | Full call number | Barcode | Date last seen | Copy number | Price effective from | Koha item type |
|---|---|---|---|---|---|---|---|---|---|---|---|---|---|---|---|
| Dewey Decimal Classification | Virtual | Virtual | Online | 02/04/2012 | ONLINE PUBLICATION | 155674-2001 | 06/08/2019 | 1 | 06/08/2019 | Book |